| 000 | 00405nam a22001457a 4500 | ||
|---|---|---|---|
| 020 | _a978-93-5009-313-9 | ||
| 082 |
_a920 _bBAI/L |
||
| 100 | _aBAILEY, GERRY | ||
| 245 |
_aLEONARDO DA VINCI _bA MAN OF GREAT IDEAS |
||
| 260 |
_aGURGAON _bHACHETTE INDIA _c2014 |
||
| 300 | _a36 | ||
| 520 | _aTHE FULLY ILLUSTRATED LIFE STORIES OF THE WORLD'S MOST INSPIRING PEOPLE | ||
| 650 |
_aBIOGRAPHY _zINDIA |
||
| 942 | _cBK | ||
| 999 |
_c5804 _d5804 |
||